[Event "BL2-Ost 1718"]
[Site "Germany"]
[Date "2017.11.11"]
[Round "3.2"]
[White "Paul, Johannes"]
[Black "Kirchner, Thomas"]
[Result "1/2-1/2"]
[WhiteElo "2335"]
[BlackElo "2345"]
[PlyCount "208"]
[EventDate "2017.10.21"]
[EventType "team-tourn"]
[EventRounds "10"]
[EventCountry "GER"]
[SourceTitle "CBM 183 Extra"]
[Source "ChessBase"]
[SourceDate "2018.04.19"]
[SourceVersion "1"]
[SourceVersionDate "2018.04.19"]
[SourceQuality "1"]
[WhiteTeam "Magdeburg Aufbau Elbe"]
[BlackTeam "Nuernberg NT"]
[WhiteTeamCountry "GER"]
[BlackTeamCountry "GER"]

1. d4 Nf6 2. c4 e6 3. Nc3 d5 4. cxd5 exd5 5. Bg5 Be7 6. e3 0-0 7. Bd3 Be6 8. Nf3 Nbd7 9. 0-0 h6 10. Bh4 Re8 11. Rc1 Rc8 12. h3 c6 13. Bg3 a6 14. Bb1 b5 15. Ne5 Nxe5 16. dxe5 Nd7 17. e4 Nf8 18. exd5 cxd5 19. Qd2 Qd7 20. Ne2 Rxc1 21. Rxc1 Rc8 22. Rd1 Bc5 23. Nd4 Qa7 24. Nf5 Qd7 25. Nd4 Qa7 26. Nxe6 fxe6 27. Kh2 Be7 28. f4 g6 29. h4 h5 30. Bf2 Bc5 31. Rc1 Qe7 32. g3 Bb4 33. Qd1 Rxc1 34. Qxc1 Qb7 35. Bd3 Be7 36. Qc2 Kg7 37. Bd4 Qd7 38. Kh3 Qd8 39. a3 Qd7 40. b4 Qb7 41. g4 hxg4+ 42. Kxg4 Bd8 43. Qc5 Kf7 44. Bf2 Be7 45. Qc1 d4 46. Qg1 Qd5 47. Bxd4 Qa2 48. Qg3 Qd5 49. Bf2 Qd8 50. Qf3 Qc8 51. Kh3 Qc1 52. Kg3 Kg7 53. Be4 Qd2 54. Qe3 Qd8 55. Kh3 Kf7 56. Qa7 Kg8 57. Bg3 Kf7 58. Bf2 Kg8 59. Qd4 Bxh4 60. Qxd8 Bxd8 61. Bb7 a5 62. Bc6 axb4 63. axb4 g5 64. Bxb5 Kf7 65. Bd3 gxf4 66. Kg4 Nd7 67. Kxf4 Bc7 68. Bd4 Nf6 69. Bc4 Nd7 70. Ke4 Ke7 71. Bb5 Nb6 72. Bc5+ Kd8 73. Kd4 Nd7 74. Bxd7 Kxd7 75. b5 Ba5 76. Ke4 Kc7 77. Kf4 Bc3 78. Be3 Kb7 79. Bc5 Bb2 80. Ke4 Bc3 81. Bd4 Ba5 82. Kf4 Bc7 83. Be3 Bd8 84. Bf2 Bc7 85. Bd4 Bd8 86. Ke4 Bb6 87. Kd3 Bc7 88. Kc4 Bd8 89. Kb4 Be7+ 90. Ka5 Bd8+ 91. b6 Bg5 92. Kb5 Be7 93. Bc5 Bd8 94. Be3 Be7 95. Bf2 Bg5 96. Kc5 Be7+ 97. Kb5 Bg5 98. Bc5 Bd8 99. Ka5 Bg5 100. Bd6 Be3 101. Bc7 Bf2 102. Kb5 Bd4 103. Ka5 Bf2 104. Kb5 Bd4 1/2-1/2

[Event "Oberliga Bayern 1617"]
[Site "Bayern"]
[Date "2017.02.05"]
[Round "5.3"]
[White "Mann, Johannes"]
[Black "Kirchner, Thomas"]
[Result "1/2-1/2"]
[WhiteElo "2157"]
[BlackElo "2290"]
[PlyCount "115"]
[EventDate "2016.10.16"]
[EventType "team-tourn"]
[EventRounds "9"]
[EventCountry "GER"]
[SourceTitle "EXT 2019"]
[Source "ChessBase"]
[SourceDate "2018.10.10"]
[SourceVersion "1"]
[SourceVersionDate "2018.10.10"]
[SourceQuality "1"]
[WhiteTeam "Schweinfurt"]
[BlackTeam "Nuernberg NT"]
[WhiteTeamCountry "GER"]
[BlackTeamCountry "GER"]

1. d4 Nf6 2. c4 e5 3. dxe5 Ng4 4. Nf3 Bc5 5. e3 Nc6 6. Be2 Ngxe5 7. Nc3 0-0 8. Nd5 Nxf3+ 9. Bxf3 Ne5 10. Be2 c6 11. Nf4 d6 12. Bd2 Qe7 13. Bc3 Bf5 14. 0-0 Rad8 15. b4 Bb6 16. Qb3 a6 17. Rad1 Bc7 18. Bb2 Rfe8 19. Rd2 Ng6 20. Qc3 f6 21. Nh5 Be6 22. Rfd1 d5 23. cxd5 Rxd5 24. Rxd5 Bxd5 25. Bc4 Bxc4 26. Qxc4+ Qf7 27. Qxf7+ Kxf7 28. Kf1 Nf8 29. Ng3 g6 30. Ne2 Rd8 31. Rxd8 Bxd8 32. h3 Ke6 33. Nf4+ Kd7 34. Ke2 Be7 35. Bc3 Kd6 36. Kd3 Nd7 37. Bd4 f5 38. Kc2 Bf6 39. Kc3 b6 40. Nd3 Bxd4+ 41. Kxd4 Nf6 42. f3 Nd5 43. a3 Nc7 44. Kc4 h6 45. h4 Nd5 46. Kd4 Nc7 47. Kc4 g5 48. hxg5 hxg5 49. g3 Nd5 50. Kd4 Nf6 51. e4 fxe4 52. fxe4 Ke6 53. a4 Nh5 54. g4 Nf6 55. Nf2 Nd7 56. Nd3 Nf6 57. Nf2 Nd7 58. Nd3 1/2-1/2

[Event "Oberliga Bayern 1516"]
[Site "Bayern"]
[Date "2016.01.31"]
[Round "6.3"]
[White "Kirchner, Thomas"]
[Black "Giessmann, Stephan"]
[Result "1-0"]
[WhiteElo "2290"]
[BlackElo "2209"]
[PlyCount "81"]
[EventDate "2015.10.11"]
[EventType "team-tourn"]
[EventRounds "9"]
[EventCountry "GER"]
[SourceTitle "EXT 2018"]
[Source "ChessBase"]
[SourceDate "2017.10.13"]
[SourceVersion "1"]
[SourceVersionDate "2017.10.13"]
[SourceQuality "1"]
[WhiteTeam "Nuernberg NT"]
[BlackTeam "Kelheim"]
[WhiteTeamCountry "GER"]
[BlackTeamCountry "GER"]

1. e4 e6 2. d4 d5 3. Bd3 dxe4 4. Bxe4 Nf6 5. Bf3 Nc6 6. Ne2 e5 7. Bxc6+ bxc6 8. 0-0 Bd6 9. dxe5 Bxe5 10. Qxd8+ Kxd8 11. Rd1+ Bd7 12. c4 Rb8 13. Nbc3 Kc8 14. b3 Re8 15. Bb2 a5 16. Nd4 Bd6 17. Re1 Kb7 18. f3 h5 19. Rad1 h4 20. Na4 Nh5 21. Bc3 Ka6 22. c5 Bf4 23. Nb2 Be3+ 24. Kf1 Nf4 25. Nc4 Nd5 26. Bxa5 f5 27. Bxc7 Bxd4 28. Bxb8 Rxe1+ 29. Rxe1 Bxc5 30. Bd6 Bd4 31. Be5 Bc5 32. Bxg7 f4 33. Rd1 Bf5 34. Bd4 Bb4 35. Kf2 h3 36. g3 fxg3+ 37. hxg3 Be7 38. Ne3 Be6 39. Nxd5 Bxd5 40. Rh1 Be6 41. Re1 1-0

[Event "Oberliga Bayern 1415"]
[Site "Germany"]
[Date "2015.04.12"]
[Round "9.3"]
[White "Kirchner, Thomas"]
[Black "Eichinger, Christoph"]
[Result "1/2-1/2"]
[WhiteElo "2297"]
[BlackElo "2027"]
[PlyCount "52"]
[EventDate "2014.10.19"]
[EventType "team-tourn"]
[EventRounds "9"]
[EventCountry "GER"]
[SourceTitle "EXT 2016"]
[Source "ChessBase"]
[SourceDate "2015.10.08"]
[SourceVersion "1"]
[SourceVersionDate "2015.10.08"]
[SourceQuality "1"]
[WhiteTeam "Nuernberg NT"]
[BlackTeam "Kareth Lappersdorf"]
[WhiteTeamCountry "GER"]
[BlackTeamCountry "GER"]

1. e4 c5 2. Nf3 e6 3. c3 Nf6 4. e5 Nd5 5. Bc4 b6 6. Bxd5 exd5 7. 0-0 d6 8. d4 Be7 9. exd6 Qxd6 10. Re1 Nc6 11. Na3 Be6 12. Nb5 Qd7 13. Bf4 Rc8 14. a4 h6 15. h3 0-0 16. Bg3 Rfe8 17. Re3 a6 18. Na3 Bf6 19. Ne5 Nxe5 20. Bxe5 Bxe5 21. Rxe5 Bf5 22. Rxe8+ Rxe8 23. Nc2 Bxc2 24. Qxc2 Re4 25. Rd1 Qe6 26. Kf1 c4 1/2-1/2